00727nam a2200241 a 4500001001300000003000900013005001700022008004100039020001000080082001500090100002400105245007500129260004400204300000900248500003500257505001000292650001100302700002400313902000800337942000700345952011600352999001700468nice12345678IN_TiNIC20260116013730.0050524s1998 lona grp 000 0 eng  ac59500a297.4bLIE aLiebeskind, Claudia aPeity on Its Knees; Thre Sufi Traditions in South Asia in Modern Times aLondan bOxford University Press c1998 a340p aincludes index and biblioraphy2 aIndex aSufism1 aLiebeskind, Claudia bSRS cBK 001040708StackRoom-aHMIbHMId2007-09-18g595.00l0o297.4 LIEp018424r2007-09-18v595.00w2005-05-24yBK c12209d12209